00984nam a22001697a 4500003000900000008004100009040007100050082001700121100002000138245006900158260003300227300002800260505044800288650002700736650002800763650002300791AR-CdUCM190321b ||||| |||| 00| 0 spa d aMUNICIPALIDAD PROVINCIAL DEL CUSCOcBIBLIOTECA MUNICIPAL DEL CUSCO a627.5 /bN38 aNelson, Michael aEl Aprovechamiento de las Tierras Tropicales en America Latina / aMexico :bSiglo XXI ,c1977. a333 páginas ;c23 cm. aContenido : El papel de las tierras tropicales en el desarrollo de america latina -- Dos teorias sobre el aprovechamiento de tierras en los tropicos humedos -- El aprovechamento de nuevas tierras practicas y problemas vigentes -- Estudio de 24 proyectos de aprovechamiento -- Conservacion y utilizacion de los recursos naturales -- Factores que influyen en la politica de aprovechamiento: seleccion de zonas, beneficiarios e infraestructura... aMejoramiento de Suelos aPlanificacion Economica aTierras Tropicales